000 00547cam a22002171 4500
001 sa 64001973
003 DLC
005 20260227112006.0
008 890524s1963 ii 000 0 hino
010 _asa 64001973
035 _a(OCoLC)19761143
040 _aDLC
_cWaU
_dDLC
042 _apremarc
050 0 0 _aPK2057
_b.S52
100 1 _aSnehī, Bhūpendra Kumāra.
245 1 0 _aŚreshṭha kavayitriyoṃ kī pratinidhi racanāeṃ.
260 _c[1963]
300 _a126 p.
_c19 cm.
500 _aIn Hindi.
650 0 _aHindi poetry.
999 _c57076
_d57076